000 00238nam a2200097Ia 4500
008 170619s9999 xx 000 0 und d
100 _aFerry- David K.
245 0 _aTransport in Nanostructures
260 _bCambridge University
260 _c2011
546 _aENGLISH
999 _c20198
_d20198